Quy định pháp luật về bảo vệ môi trường : Dành cho các cơ quan và doanh nghiệp
29 cm
Bewaard in:
| Formaat: | Boek |
|---|---|
| Taal: | Undetermined |
| Gepubliceerd in: |
Hà Nội
Tư pháp
2010
|
| Onderwerpen: | |
| Tags: |
Voeg label toe
Geen labels, Wees de eerste die dit record labelt!
|
| Thư viện lưu trữ: | Trung tâm Học liệu Trường Đại học Cần Thơ |
|---|
| LEADER | 00576nam a2200181Ia 4500 | ||
|---|---|---|---|
| 001 | CTU_191989 | ||
| 008 | 210402s9999 xx 000 0 und d | ||
| 082 | |a 344.597046 | ||
| 082 | |b Qu600/T.1 | ||
| 245 | 0 | |a Quy định pháp luật về bảo vệ môi trường : | |
| 245 | 0 | |b Dành cho các cơ quan và doanh nghiệp | |
| 260 | |a Hà Nội | ||
| 260 | |b Tư pháp | ||
| 260 | |c 2010 | ||
| 520 | |a 29 cm | ||
| 650 | |a Luật môi trường,Environmental law | ||
| 904 | |i Tuyến | ||
| 980 | |a Trung tâm Học liệu Trường Đại học Cần Thơ | ||